000 003880000a22001450004500
001 004333
003 MACL
040 _aMACL
090 _c16326
_d16325
100 _aShastri, J.L.
245 _aAncient IndianTradition & Mythology Volume 17 Part 1
_bThe Narada P̜urana Part 3
_cJ.L. Shastri
260 _aMotilal Banarsidass Publishers,
_c2002
650 _aReligion
942 _k295
_cBook
999 _c16224
_d16224